The Interpreter's dictionary of the Bible : E-J (Record no. 13366)

MARC details
000 -LEADER
fixed length control field 01042nam a22002411 4500
001 - CONTROL NUMBER
control field 13366
005 - DATE AND TIME OF LATEST TRANSACTION
control field 20251001111233.0
006 - FIXED-LENGTH DATA ELEMENTS--ADDITIONAL MATERIAL CHARACTERISTICS--GENERAL INFORMATION
fixed length control field
008 - FIXED-LENGTH DATA ELEMENTS--GENERAL INFORMATION
fixed length control field 760421s1962 nyuab bd 00000 eng
010 ## - LIBRARY OF CONGRESS CONTROL NUMBER
LC control number 62009387
035 ## - SYSTEM CONTROL NUMBER
System control number 35473
040 ## - CATALOGING SOURCE
Original cataloging agency BSULIB
082 ## - DEWEY DECIMAL CLASSIFICATION NUMBER
Classification number 220.3
Item number INT
099 ## - LOCAL FREE-TEXT CALL NUMBER (OCLC)
Filing suffix REF
Classification number 220.3 IN8
245 04 - TITLE STATEMENT
Title The Interpreter's dictionary of the Bible : E-J
Remainder of title an illustrated encyclopedia identifying and explaining all proper names and significant terms and subjects in the Holy Scriptures, including the Aprocrypha, with attention to archaeological discoveries and researches into the life and faith of ancient times /
Statement of responsibility, etc [Editorial board: George Arthur Buttrick, dictionary editor, and others]
260 ## - PUBLICATION, DISTRIBUTION, ETC. (IMPRINT)
Place of publication, distribution, etc New York :
Name of publisher, distributor, etc Abingdon Press
Date of publication, distribution, etc [1962]
300 ## - PHYSICAL DESCRIPTION
Extent 4 volumes :
Other physical details illus (part color) maps (part color) ;
Dimensions 27 cm.
504 ## - BIBLIOGRAPHY, ETC. NOTE
Bibliography, etc Includes bibliographies.
630 00 - SUBJECT ADDED ENTRY--UNIFORM TITLE
Uniform title Bible
Form subdivision Dictionaries.
9 (RLIN) 9582
700 1# - ADDED ENTRY--PERSONAL NAME
Personal name Buttrick, George Arthur,
Dates associated with a name 1892-
Relator term editor.
9 (RLIN) 25975
907 ## - LOCAL DATA ELEMENT G, LDG (RLIN)
a .b11791615
942 ## - ADDED ENTRY ELEMENTS (KOHA)
Source of classification or shelving scheme Dewey Decimal Classification
Item type Books
Holdings
Withdrawn status Lost status Source of classification or shelving scheme Damaged status Not for loan Home library Current library Shelving location Date acquired Inventory number Total Checkouts Full call number Barcode Date last seen Copy number Price effective from Koha item type Public note
    Dewey Decimal Classification     Main Library Main Library Open Shelves 05/10/2012 26042   220.3 INT bsu25100014 01/10/2025 001 01/10/2025 Books Material available in hard copy

© 2017 Bishop Stuart University Library. All Rights Reserved.
Kakoba Campus, Plot 150 Buremba Road | P.O. Box 9, Mbarara, UGANDA | Tel: +256-772-463068
Email: library@bsu.ac.ug